Sports Quiz

Random Sports or Football Quiz

Top XIs: Derby County (1990s) Quiz Stats

 Plays Quiz not verified by Sporcle

Challenge
Share
Tweet
Embed
Score 0/110 Timer 06:00
0 Plays Today
% Correct
Mart Poom
90.1%
Mart Poom
90.1%
Tommy Johnson
89.1%
Tommy Johnson
89.1%
Seth Johnson
89.1%
Dean Sturridge
87.6%
Dean Sturridge
87.6%
Dean Sturridge
87.6%
Paulo Wanchope
83.2%
Paulo Wanchope
83.2%
Peter Shilton
82.7%
Peter Shilton
82.7%
Russell Hoult
82.7%
Russell Hoult
82.7%
Russell Hoult
82.7%
Igor Štimac
80.2%
Igor Štimac
80.2%
Igor Štimac
80.2%
Stefano Eranio
80.2%
Stefano Eranio
80.2%
Dean Saunders
78.2%
Darryl Powell
77.7%
Chris Powell
77.7%
Darryl Powell
77.7%
Chris Powell
77.7%
Darryl Powell
77.7%
Darryl Powell
77.7%
Mark Wright
75.7%
Francesco Baiano
74.3%
Aljoša Asanović
72.3%
Marco Gabbiadini
71.3%
Marco Gabbiadini
71.3%
Marco Gabbiadini
71.3%
Marco Gabbiadini
71.3%
Paul Williams
70.3%
Paul Williams
70.3%
Paul Williams
70.3%
% Correct
Geraint Williams
69.3%
Geraint Williams
69.3%
Martin Taylor
66.3%
Jacob Laursen
63.9%
Jacob Laursen
63.9%
Jacob Laursen
63.9%
Jacob Laursen
63.9%
Paul Kitson
62.9%
Paul Kitson
62.9%
Horacio Ángel Carbonari
62.4%
Horacio Ángel Carbonari
62.4%
Deon Burton
59.9%
Craig Short
59.4%
Craig Short
59.4%
Craig Short
59.4%
Robin van der Laan
58.9%
Ashley Ward
57.4%
Mick Forsyth
55%
Mick Forsyth
55%
Mick Forsyth
55%
Mick Forsyth
55%
Mick Forsyth
55%
Gary Rowett
55%
Gary Rowett
55%
Gary Rowett
55%
Paul Simpson
54%
Paul Simpson
54%
Paul Simpson
54%
Steve Sutton
53.5%
Steve Sutton
53.5%
Lee Carsley
52.5%
Lee Carsley
52.5%
Lee Carsley
52.5%
Mark Pembridge
50%
Mark Pembridge
50%
Mark Pembridge
50%
Christian Dailly
50%
% Correct
Christian Dailly
50%
Stefan Schnoor
50%
Stefan Schnoor
50%
Rory Delap
49.5%
Rory Delap
49.5%
Dean Yates
48%
Ted McMinn
45.5%
Gary Charles
45%
Ron Willems
44.6%
Paul McGrath
43.1%
Tony Dorigo
43.1%
Craig Burley
43.1%
Mel Sage
39.6%
Mel Sage
39.6%
Martin Kuhl
39.1%
Spencer Prior
36.6%
Darren Wassall
35.6%
Darren Wassall
35.6%
Darren Wassall
35.6%
Gary Micklewhite
34.2%
Gary Micklewhite
34.2%
Steve Elliott
33.2%
Mick Harford
29.7%
Lars Bohinen
29.7%
Sean Flynn
29.2%
Jason Kavanagh
27.2%
John Harkes
27.2%
Jason Kavanagh
27.2%
John Harkes
27.2%
Craig Ramage
25.7%
Andy Comyn
20.8%
Paul Trollope
20.3%
Simon Coleman
16.8%
Simon Coleman
16.8%
Steve Cross
12.4%
Ian Ormondroyd
10.9%

You're not logged in!

Compare scores with friends on all Sporcle quizzes.
Join for Free
OR
Log In

You Might Also Like...

Show Comments

Extras

Created Apr 1, 2016SourceReportNominate
Tags:Football Quiz, 1990s

Top Quizzes Today


Score Distribution

Your Account Isn't Verified!

In order to create a playlist on Sporcle, you need to verify the email address you used during registration. Go to your Sporcle Settings to finish the process.

Report this User

Report this user for behavior that violates our Community Guidelines.

Details: